| 000 | 00477nam a22001817a 4500 | ||
|---|---|---|---|
| 005 | 20230720103838.0 | ||
| 008 | 230720b |||||||| |||| 00| 0 eng d | ||
| 020 | _a9780324175721 | ||
| 082 |
_a519.3 _bMCC-G |
||
| 100 | _aMcCain,Roger A. | ||
| 245 |
_aGame Theory _bA Non-TechnicalIintroduction to the a=Analysis of Strategy |
||
| 260 |
_aUSA _bThomson _c2004 |
||
| 300 | _a390 | ||
| 500 | _ainclude index | ||
| 650 | _aCompouter | ||
| 700 | _aRoger A.McCain | ||
| 999 |
_c33086 _d33086 |
||